| 000 | 00959nam a2200241Ia 4500 | ||
|---|---|---|---|
| 003 | GCL | ||
| 008 | 140319s9999 xx 000 0 ara d | ||
| 020 | _a5136299953 | ||
| 040 |
_aGCL / _cGCL |
||
| 082 | 0 | 4 |
_a956.708 _bج ك |
| 100 | 1 | _aجوردن، مايكل | |
| 245 | 1 | 0 |
_aكوبرا 11 : _bالتفاصيل الخفية لغزو العراق واحتلاله / _cجوردن، مايكل |
| 700 | 1 | _aتراينور، برنارد | |
| 700 | 1 | _aامين الايوبى | |
| 250 | _aالاولى | ||
| 260 |
_aبيروت : _bالدار العربية للعلوم ، _c2007 |
||
| 300 |
_a760 ص ؛ _c24 سم |
||
| 650 | 0 | 4 | _aالعراق - الاحوال السياسية |
| 650 | 0 | 4 | _aالعراق - تاريخ - العصر الحديث - صدام حسين |
| 650 | 0 | 4 | _aالاعتداء الامريكى على العراق |
| 650 | 0 | 4 | _aالعراق - تاريخ - العصر الحديث - الاحتلال الامريكي |
| 942 |
_2ddc _cBK |
||
| 999 |
_c9439 _d9439 |
||